Reparaturhandbuch für den Lastkraftwagen IFA W 50.

Saved in:
Bibliographic Details
Format: Book
Language:Czech
Published: Ludwigsfelde : IFA-Automobilwerke, 1977
Edition:3. Aufl.
Series:rz1
Online Access: Get full text
Tags: Add Tag
No Tags, Be the first to tag this record!

MARC

LEADER 00000cam a2200000 4500
003 SK-BrCVT
005 20220618084830.0
008 091029s1977 cs e ||||||cze d
035 |a CVTIDWR033228 
040 |a    |b slo  |c    |d   
041 0 |a cze 
044 |a cs 
245 1 0 |a Reparaturhandbuch für den Lastkraftwagen IFA W 50. 
250 |a 3. Aufl. 
260 3 |a Ludwigsfelde :  |b IFA-Automobilwerke,  |c 1977 
300 |a 390 s. +  |e 4 l. 
830 |a rz1 
974 |f Knihy 
999 |c 207821  |d 207821